000 00794nam a2200301Ia 4500
001 67047
003 IT-RoPAU
008 130308s9999 xx 000 0 und d
040 _aIT-RoPAU
040 _cIT-RoPAU
041 _aITALIANO
100 _aBlasetti Alessandro
100 _gCodice Aut. SPICS: 9116
245 _aComa nasce un film
245 _bComa Nasce un Film
250 _a1a ed.
260 _aITALIA
260 _bEdizioni Di Cinematografo
260 _c1932 [1° Ed.:1932 - Ed.Ling.Originale:1932]
300 _a"92 p. (prefazione: no ; testo: 92 [pagine: 0-0])"
500 _aSoggetto sceneggiatura Illustrazioni Varie
650 _aSAGGI SUL CINEMA
650 _eCodice materia Spics: 6811
942 _cBK
957 _71
999 _c72473
_d72473
999 _bSI
999 _g1